Individuálny vzdelávací účet – nástroj podpory rozvoja zručností diplomová práca

Salvato in:
Dettagli Bibliografici
Autore principale: Póša, Adam
Ente Autore: Národohospodárska fakulta EU. Katedra sociálneho rozvoja a práce
Altri autori: Polonyová, Simona, 1985-
Natura: Libro
Lingua:slovacco
Pubblicazione: Bratislava 2025
Tags: Aggiungi Tag
Nessun Tag, puoi essere il primo ad aggiungerne!!

MARC

LEADER 00000nbm a2200000 4500
001 0309284
005 20260206141853.4
041 0 |a slo 
044 |a SK 
245 1 0 |a Individuálny vzdelávací účet – nástroj podpory rozvoja zručností  |b diplomová práca  |c Adam Póša ; školiteľ: Simona Polonyová 
264 1 |a Bratislava  |c 2025 
300 |a 84 s. 
100 1 |a Póša, Adam 
700 1 |a Polonyová, Simona, 1985- 
710 2 |a Národohospodárska fakulta EU. Katedra sociálneho rozvoja a práce